[Event "I Torneo de Promoción C.A.Mar "]
[Site "San Pedro del Pinatar (Murcia"]
[Date "2010.01.16"]
[Round "3.7"]
[White "Blaya Serrano, Juan Francisco"]
[Black "Mateos Martinez, Francisco Ramo"]
[Result "1-0"]
[WhiteElo "2046"]
[BlackElo "1918"]
[PlyCount "103"]
[EventDate "2010.01.15"]
[SourceDate "2010.01.15"]

1. e4 e5 2. Bc4 Nf6 3. d3 d5 4. exd5 Nxd5 5. Nf3 Nc6 6. O-O Bc5 7. Re1 O-O 8.
Bg5 Qd6 9. Bxd5 Qxd5 10. Nc3 Qd7 11. Be3 Bxe3 12. fxe3 f5 13. e4 f4 14. Nd5 Qf7
15. b4 Bg4 16. c3 a6 17. Rf1 Ne7 18. Qb3 Bxf3 19. Rxf3 Nxd5 20. Qxd5 Qxd5 21.
exd5 Rad8 22. c4 b5 23. Re1 Rfe8 24. Rf2 Kf7 25. Rfe2 Kf6 26. Kf2 g5 27. Kf3 c6
28. d4 cxd5 29. dxe5+ Kf5 30. c5 Re6 31. g4+ fxg3 32. hxg3 g4+ 33. Kg2 Rde8 34.
Rf2+ Kg6 35. Rfe2 h5 36. a3 Kg5 37. Re3 h4 38. gxh4+ Kxh4 39. R3e2 Rf8 40. Rd2
Rd8 41. Rd4 Kg5 42. Kg3 Kf5 43. Rf4+ Kg5 44. Rxg4+ Kf5 45. Rf4+ Kg5 46. Kf3 d4
47. Rg1+ Kh5 48. Rf7 Kh6 49. Ke4 d3 50. Rf3 Kh7 51. Rh1+ Rh6 52. Rxh6+ 1-0

[Event "I Torneo de Promoción C.A.Mar "]
[Site "San Pedro del Pinatar (Murcia"]
[Date "2010.01.16"]
[Round "3.8"]
[White "Portillo Castellon, Javier"]
[Black "Murcia Paredes, Angel"]
[Result "0-1"]
[WhiteElo "1808"]
[BlackElo "2113"]
[PlyCount "58"]
[EventDate "2010.01.15"]
[SourceDate "2010.01.15"]

1. d4 Nf6 2. c4 g6 3. Nc3 Bg7 4. e4 d6 5. h3 O-O 6. Bg5 c5 7. d5 e5 8. Bd3 h6
9. Be3 Nh5 10. Qd2 Kh7 11. g4 Nf4 12. Bxf4 exf4 13. Qxf4 Nd7 14. Nge2 Ne5 15.
O-O-O a6 16. Qe3 Bd7 17. f4 Nxd3+ 18. Qxd3 b5 19. Ng3 bxc4 20. Qxc4 Qa5 21. Kd2
Rab8 22. Ke3 Rxb2 23. Nge2 Bb5 24. Nxb5 axb5 25. Qc1 Rxa2 26. h4 Re8 27. h5 Qb4
28. hxg6+ fxg6 29. f5 Qxe4+ 0-1

[Event "I Torneo de Promoción C.A.Mar "]
[Site "San Pedro del Pinatar (Murcia"]
[Date "2010.01.16"]
[Round "3.9"]
[White "Donado-Mazarron Gomez, Miguel"]
[Black "Aroca Villalba, Miguel Angel"]
[Result "1-0"]
[WhiteElo "1876"]
[BlackElo "2011"]
[PlyCount "50"]
[EventDate "2010.01.15"]
[SourceDate "2010.01.15"]

1. e4 e6 2. d4 d5 3. Nc3 Nf6 4. e5 Nfd7 5. f4 c5 6. Nf3 Nc6 7. Be3 a6 8. Be2
Qc7 9. O-O Be7 10. Kh1 h6 11. Qe1 cxd4 12. Nxd4 g5 13. Bh5 Ndxe5 14. fxe5 Nxe5
15. Bf2 O-O 16. Bg3 Bd6 17. Ndb5 axb5 18. Nxb5 Qxc2 19. Nxd6 Ng6 20. Rc1 Qxb2
21. Bxg6 fxg6 22. Rxf8+ Kxf8 23. Qf1+ Kg8 24. Qf7+ Kh8 25. Qf8+ Kh7 1-0

[Event "I Torneo de Promoción C.A.Mar "]
[Site "San Pedro del Pinatar (Murcia"]
[Date "2010.01.16"]
[Round "4.1"]
[White "Blaya Serrano, Juan Francisco"]
[Black "Saez Moya, Jaime"]
[Result "1/2-1/2"]
[WhiteElo "2046"]
[BlackElo "2190"]
[PlyCount "127"]
[EventDate "2010.01.15"]
[SourceDate "2010.01.15"]

1. e4 c5 2. Nf3 e6 3. d4 cxd4 4. Nxd4 Nf6 5. Bd3 d5 6. exd5 Nxd5 7. O-O Be7 8.
Nd2 O-O 9. N2f3 b6 10. c4 Nf6 11. Bg5 Bb7 12. Qe2 Nc6 13. Nxc6 Bxc6 14. Rfd1
Qc7 15. Rac1 Rac8 16. Ne5 Ba8 17. h3 Qb7 18. Nf3 Rfd8 19. Bb1 Ne8 20. Bxe7 Qxe7
21. b3 Nf6 22. Rxd8+ Rxd8 23. Rd1 Rc8 24. Ne5 Qb7 25. Nf3 a6 26. Qd2 Qc7 27.
Ne5 Qb7 28. f3 Qc7 29. Qd6 Qxd6 30. Rxd6 Rb8 31. Kf2 Kf8 32. Ke3 Ke7 33. Rd4
Rc8 34. g4 h6 35. h4 Bc6 36. g5 hxg5 37. hxg5 Nd7 38. Nxd7 Bxd7 39. Rh4 Kd6 40.
Rd4+ Ke7 41. Rh4 Kd6 42. Rd4+ Ke7 43. Rh4 a5 44. Rh7 Rg8 45. Kd4 Kd6 46. f4 f6
47. gxf6 gxf6 48. Be4 Rg4 49. Ke3 Rg3+ 50. Kf2 Rg4 51. Ke3 Rg1 52. Rh2 Re1+ 53.
Kd4 Rd1+ 54. Ke3 Kc5 55. Rd2 Rxd2 56. Kxd2 Kb4 57. Bb1 Bc6 58. Kd3 e5 59. fxe5
fxe5 60. Kd2 a4 61. Bc2 Ka3 62. Kc3 Kxa2 63. bxa4 Ka3 64. c5 1/2-1/2

[Event "I Torneo de Promoción C.A.Mar "]
[Site "San Pedro del Pinatar (Murcia"]
[Date "2010.01.16"]
[Round "4.2"]
[White "Torres Samper, Rafael"]
[Black "Aledo Lopez, Angel"]
[Result "1-0"]
[WhiteElo "2051"]
[BlackElo "2004"]
[PlyCount "84"]
[EventDate "2010.01.15"]
[SourceDate "2010.01.15"]

1. e4 d5 2. exd5 Nf6 3. d4 Qxd5 4. Nc3 Qa5 5. Nf3 Bg4 6. Be2 Nc6 7. O-O O-O-O
8. Ng5 Bxe2 9. Nxe2 Qd5 10. Nc3 Qf5 11. Be3 Qg6 12. Nf3 Ng4 13. Qe2 Nxe3 14.
Qxe3 e6 15. Ne5 Nxe5 16. dxe5 b6 17. Qf3 Kb8 18. a4 Bb4 19. Nb5 Qf5 20. Qxf5
exf5 21. c3 Be7 22. Nd4 Kb7 23. Nxf5 Bf8 24. a5 b5 25. Rfd1 Rxd1+ 26. Rxd1 g6
27. Ne3 Kc6 28. f4 Bc5 29. Kf2 b4 30. cxb4 Bxb4 31. Rc1+ Kb7 32. a6+ Kc8 33.
Nd5 Ba5 34. b4 Rd8 35. Ne7+ Kd7 36. bxa5 Kxe7 37. Rxc7+ Ke6 38. Rxa7 Rd5 39.
Rb7 Rxa5 40. a7 h5 41. Ke3 Ra4 42. Kd3 Ra6 1-0

[Event "I Torneo de Promoción C.A.Mar "]
[Site "San Pedro del Pinatar (Murcia"]
[Date "2010.01.16"]
[Round "4.3"]
[White "Marin Guillen, Angel"]
[Black "Escudero Manzano, Alejandro"]
[Result "0-1"]
[WhiteElo "2151"]
[BlackElo "2000"]
[PlyCount "90"]
[EventDate "2010.01.15"]
[SourceDate "2010.01.15"]

1. d4 d5 2. c4 c6 3. cxd5 cxd5 4. Nf3 Nf6 5. Nc3 Nc6 6. g3 a6 7. Bg2 b5 8. a3
Bb7 9. O-O e6 10. Bf4 Bd6 11. Ne5 Bxe5 12. Bxe5 Nxe5 13. dxe5 Nd7 14. e4 dxe4
15. Qd6 Qe7 16. Nxe4 Bxe4 17. Bxe4 Qxd6 18. exd6 Rd8 19. Bc6 O-O 20. Bxd7 Rxd7
21. Rfd1 Rc8 22. Rac1 Rxc1 23. Rxc1 f6 24. Rc6 a5 25. Rb6 a4 26. f4 Kf7 27. Kf2
Ke8 28. Ke3 Rd8 29. Kd4 Kd7 30. Kc5 Rc8+ 31. Kxb5 e5 32. fxe5 fxe5 33. Kxa4 e4
34. Rb7+ Kxd6 35. Rf7 e3 36. Rf3 Re8 37. Rf1 e2 38. Re1 Kc5 39. Kb3 Kd4 40. Kc2
Ke3 41. b4 Kf2 42. Rxe2+ Kxe2 43. a4 Ke3 44. Kc3 Rc8+ 45. Kb3 Kd4 0-1

[Event "I Torneo de Promoción C.A.Mar "]
[Site "San Pedro del Pinatar (Murcia"]
[Date "2010.01.16"]
[Round "4.4"]
[White "Murcia Paredes, Angel"]
[Black "Garcia Lopez, Juan Antonio"]
[Result "1-0"]
[WhiteElo "2113"]
[BlackElo "1990"]
[PlyCount "87"]
[EventDate "2010.01.15"]
[SourceDate "2010.01.15"]

1. e4 d5 2. exd5 Qxd5 3. Nc3 Qd8 4. Bc4 Nf6 5. Nf3 Bf5 6. Qe2 e6 7. h3 Nbd7 8.
O-O Nb6 9. Bb3 Be7 10. d3 O-O 11. Bg5 c6 12. Rad1 a5 13. a3 a4 14. Ba2 Nbd5 15.
Ne4 Qc7 16. c4 Nb6 17. Nxf6+ Bxf6 18. Bxf6 gxf6 19. Nh4 Bg6 20. Qe3 Ra5 21.
Nxg6 hxg6 22. d4 Rh5 23. Rfe1 Rd8 24. Rd3 Kg7 25. Red1 c5 26. d5 exd5 27. cxd5
Re5 28. Qd2 Qd6 29. Re1 Rde8 30. Ree3 c4 31. Rd4 Rxe3 32. fxe3 Qg3 33. Qf2 Qxe3
34. Qxe3 Rxe3 35. Bxc4 Re1+ 36. Kh2 Kf8 37. d6 Ke8 38. Bb5+ Kd8 39. Rh4 Re8 40.
Bxe8 Kxe8 41. Rb4 Nc8 42. Rxb7 Nxd6 43. Rb4 Kd7 44. Rxa4 1-0

[Event "I Torneo de Promoción C.A.Mar "]
[Site "San Pedro del Pinatar (Murcia"]
[Date "2010.01.16"]
[Round "4.5"]
[White "Ojaos Penalver, Abel"]
[Black "Martinez Lopez, David"]
[Result "0-1"]
[WhiteElo "1988"]
[BlackElo "2057"]
[PlyCount "98"]
[EventDate "2010.01.15"]
[SourceDate "2010.01.15"]

1. d4 e6 2. Nf3 d5 3. Bf4 c6 4. Nbd2 f5 5. g3 Nf6 6. Bg2 Bd6 7. Bxd6 Qxd6 8.
Ne5 Nbd7 9. Nd3 e5 10. dxe5 Nxe5 11. O-O O-O 12. Nf3 Ng6 13. c3 Bd7 14. Qb3 b6
15. Rad1 Rae8 16. Rfe1 Kh8 17. Nb4 a5 18. Nc2 c5 19. Ne3 a4 20. Qc2 f4 21. Nc4
Qc7 22. Ncd2 Bc6 23. Nf1 Ne4 24. e3 fxg3 25. hxg3 Rf6 26. c4 dxc4 27. Qxc4 Nd6
28. Qe2 Nb5 29. a3 Bxf3 30. Bxf3 Nd4 31. Rxd4 cxd4 32. e4 Ref8 33. Nd2 d3 34.
Qe3 Ne5 35. Bg2 Qc2 36. f3 Rd6 37. Qg5 Nc4 38. Nxc4 Qxc4 39. Qd2 Qd4+ 40. Kf1
Rc6 41. Qb4 Qxb4 42. axb4 Rc2 43. Rd1 Rd8 44. f4 Rxb2 45. e5 Kg8 46. e6 Kf8 47.
Be4 a3 48. Bc6 a2 49. Re1 Ke7 0-1

[Event "I Torneo de Promoción C.A.Mar "]
[Site "San Pedro del Pinatar (Murcia"]
[Date "2010.01.16"]
[Round "4.6"]
[White "Cartagena Sanchez, Javier"]
[Black "Donado-Mazarron Gomez, Miguel"]
[Result "1/2-1/2"]
[WhiteElo "1951"]
[BlackElo "1876"]
[PlyCount "73"]
[EventDate "2010.01.15"]
[SourceDate "2010.01.15"]

1. e4 c5 2. Nf3 d6 3. d4 cxd4 4. Nxd4 Nf6 5. Bd3 a6 6. O-O Nc6 7. c3 g6 8. h3
Bg7 9. Nd2 O-O 10. Ne2 b5 11. f4 Bb7 12. Nf3 Rc8 13. f5 Nd7 14. fxg6 fxg6 15.
Be3 Nce5 16. Qb3+ d5 17. Rad1 Nc4 18. Bxc4 dxc4 19. Qc2 Qc7 20. Ned4 Nc5 21.
Ng5 Qg3 22. Qe2 Be5 23. Ndf3 Nxe4 24. Nxe4 Bxe4 25. Nxe5 Qxe5 26. Bd4 Rxf1+ 27.
Rxf1 Qd5 28. Re1 e5 29. Bf2 Bd3 30. Qe3 e4 31. Qd2 Rf8 32. Bd4 Rf5 33. Qh6 Qf7
34. Qh4 g5 35. Qg3 Rf1+ 36. Rxf1 Qxf1+ 37. Kh2 1/2-1/2

[Event "I Torneo de Promoción C.A.Mar "]
[Site "San Pedro del Pinatar (Murcia"]
[Date "2010.01.16"]
[Round "4.8"]
[White "Olmos Rosa, Fernando"]
[Black "Villalonga Coll, Jaume"]
[Result "0-1"]
[WhiteElo "1834"]
[BlackElo "2111"]
[PlyCount "67"]
[EventDate "2010.01.15"]
[SourceDate "2010.01.15"]

1. e4 Nf6 2. Nc3 d5 3. exd5 Nxd5 4. Bc4 Nxc3 5. Bxf7+ Kxf7 6. Qf3+ Kg8 7. Qxc3
Nc6 8. Nf3 Qd5 9. d3 Qa5 10. Bd2 Qxc3 11. Bxc3 Bg4 12. Ng5 e5 13. f3 Bf5 14. g4
h6 15. Nh3 Bg6 16. a3 Nd4 17. Bxd4 exd4 18. Nf4 Re8+ 19. Kf2 Bf7 20. b4 g5 21.
Ne2 Bg7 22. Ng3 Kh7 23. h4 gxh4 24. Rxh4 Bf6 25. Rh3 Bg5 26. Ne4 Kg7 27. Rah1
Bg6 28. Kg3 Bxe4 29. dxe4 Rhf8 30. Rd1 Rd8 31. Rd3 Rf6 32. Rh1 Bf4+ 33. Kg2 Rc6
34. Rc1 0-1

[Event "I Torneo de Promoción C.A.Mar "]
[Site "San Pedro del Pinatar (Murcia"]
[Date "2010.01.16"]
[Round "4.9"]
[White "Hostalet Ferrer, Pedro Enrique"]
[Black "Gonzalez Brusi, Leopoldo"]
[Result "0-1"]
[WhiteElo "2111"]
[BlackElo "1772"]
[PlyCount "90"]
[EventDate "2010.01.15"]
[SourceDate "2010.01.15"]

1. d4 d5 2. c4 c6 3. Nf3 Nf6 4. Nc3 a6 5. b3 b5 6. e3 Bg4 7. h3 Bxf3 8. Qxf3 e5
9. dxe5 Bb4 10. Bd2 Bxc3 11. Bxc3 Ne4 12. Bb4 bxc4 13. bxc4 Qb6 14. a3 a5 15.
cxd5 cxd5 16. Bc4 Qc6 17. O-O axb4 18. Bxd5 Qxd5 19. Rfd1 Qc6 20. axb4 Rxa1 21.
Rxa1 O-O 22. b5 Qc3 23. Ra4 Qe1+ 24. Kh2 Nc3 25. Rf4 Ne2 26. h4 Qg1+ 27. Kh3
Nxf4+ 28. Qxf4 Qh1+ 29. Kg3 Qg1 30. Qc4 Nd7 31. f4 Qe1+ 32. Kf3 Qxh4 33. e6
Ne5+ 34. fxe5 Qxc4 35. e7 Qxb5 36. exf8=Q+ Kxf8 37. Kf4 g5+ 38. Kf5 Ke7 39. g4
h6 40. Ke4 Ke6 41. Kf3 Kxe5 42. Kg2 Qe2+ 43. Kh3 Qf2 44. e4 Kf4 45. e5 Qg3# 0-1

[Event "I Torneo de Promoción C.A.Mar "]
[Site "San Pedro del Pinatar (Murcia"]
[Date "2010.01.16"]
[Round "4.10"]
[White "Torres Grajales, Ramon"]
[Black "Caballero Frutos, Jose Alfredo"]
[Result "1-0"]
[WhiteElo "2083"]
[BlackElo "1729"]
[PlyCount "143"]
[EventDate "2010.01.15"]
[SourceDate "2010.01.15"]

1. e4 e5 2. Nf3 Nf6 3. Nxe5 d6 4. Nxf7 Kxf7 5. d4 g6 6. Nc3 Bg7 7. Bc4+ Be6 8.
Bxe6+ Kxe6 9. O-O Kf7 10. f4 Re8 11. e5 Nbd7 12. exf6 Qxf6 13. Nb5 Re7 14. c3
Nb6 15. f5 Kg8 16. fxg6 Qxg6 17. Bd2 c6 18. Na3 d5 19. Qc2 Qxc2 20. Nxc2 Nc4
21. Bc1 Rf8 22. b3 Rxf1+ 23. Kxf1 Nb6 24. Bd2 Nd7 25. Re1 Rxe1+ 26. Nxe1 Nf6
27. Nd3 Ne4 28. Be1 Kf7 29. Nf2 Nd6 30. Ke2 Ke6 31. Bd2 b5 32. Kd3 a6 33. Bf4
Nc8 34. Ng4 h5 35. Be5 hxg4 36. Bxg7 Nd6 37. Bf8 Ne4 38. c4 bxc4+ 39. bxc4 Kf5
40. cxd5 cxd5 41. a3 Nf6 42. Ke3 Ne4 43. h3 gxh3 44. gxh3 Kg5 45. Be7+ Kf5 46.
h4 Kg4 47. Kd3 Ng3 48. Bd8 Nf5 49. Kc3 Kf3 50. Bf6 Ng3 51. Kb4 Ke4 52. Ka5 Nf5
53. h5 Nh6 54. Bg7 Nf5 55. h6 Nxh6 56. Bxh6 Kxd4 57. Kxa6 Kc5 58. a4 Kc6 59. a5
d4 60. Ka7 Kc7 61. a6 d3 62. Bf4+ Kc8 63. Kb6 d2 64. a7 d1=Q 65. a8=Q+ Kd7 66.
Qc6+ Ke7 67. Bg5+ Kf7 68. Qf6+ Kg8 69. Qg6+ Kf8 70. Qf6+ Kg8 71. Qe6+ Kh7 72.
Qf7+ 1-0

[Event "I Torneo de Promoción C.A.Mar "]
[Site "San Pedro del Pinatar (Murcia"]
[Date "2010.01.16"]
[Round "5.1"]
[White "Escudero Manzano, Alejandro"]
[Black "Torres Samper, Rafael"]
[Result "1-0"]
[WhiteElo "2000"]
[BlackElo "2051"]
[PlyCount "90"]
[EventDate "2010.01.15"]
[SourceDate "2010.01.15"]

1. e4 c5 2. Nf3 d6 3. d4 cxd4 4. Qxd4 Nc6 5. Bb5 Bd7 6. Bxc6 Bxc6 7. Nc3 Nf6 8.
Bg5 e6 9. O-O-O h6 10. Bh4 Be7 11. Kb1 O-O 12. Bg3 e5 13. Qd3 Qa5 14. Nd2 b5
15. f4 Rfd8 16. Nd5 Bxd5 17. exd5 b4 18. Ne4 Re8 19. Rhe1 Nxe4 20. Rxe4 f5 21.
Rc4 e4 22. Qb3 Rab8 23. Be1 Qb6 24. Rxb4 Qc7 25. Bc3 a5 26. Qc4 Qa7 27. Rxb8
Rxb8 28. g4 Qf2 29. gxf5 e3 30. Qc7 Re8 31. Qd7 Kf8 32. Bxg7+ Kf7 33. Bxh6 Rb8
34. f6 e2 35. Qe6+ Kg6 36. fxe7+ Kh7 37. Rc1 Rxb2+ 38. Kxb2 Qd4+ 39. c3 Qd2+
40. Kb3 a4+ 41. Kxa4 Qxa2+ 42. Kb5 Qb3+ 43. Kc6 Qa4+ 44. Kxd6 Qa6+ 45. Kd7 Qa8
1-0

[Event "I Torneo de Promoción C.A.Mar "]
[Site "San Pedro del Pinatar (Murcia"]
[Date "2010.01.16"]
[Round "5.2"]
[White "Martinez Lopez, David"]
[Black "Blaya Serrano, Juan Francisco"]
[Result "1/2-1/2"]
[WhiteElo "2057"]
[BlackElo "2046"]
[PlyCount "72"]
[EventDate "2010.01.15"]
[SourceDate "2010.01.15"]

1. e4 c5 2. c4 d6 3. Nc3 Nc6 4. g3 g6 5. Bg2 Bg7 6. Nge2 e5 7. O-O Nge7 8. d3
O-O 9. a3 Rb8 10. Rb1 Be6 11. b4 b6 12. b5 Nd4 13. Nxd4 exd4 14. Nd5 Nxd5 15.
exd5 Bf5 16. h3 h5 17. g4 hxg4 18. hxg4 Bc8 19. Bf4 Re8 20. f3 Rb7 21. Qd2 Rbe7
22. Rfe1 f6 23. a4 Rxe1+ 24. Rxe1 Rxe1+ 25. Qxe1 Kf7 26. Qg3 Bf8 27. Qh2 Kg8
28. Bf1 Qe7 29. Bd2 Qh7 30. Qxh7+ Kxh7 31. g5 f5 32. Kf2 Kg7 33. a5 Be7 34. a6
Bd7 35. f4 Bd8 36. Bh3 Kf7 1/2-1/2

[Event "I Torneo de Promoción C.A.Mar "]
[Site "San Pedro del Pinatar (Murcia"]
[Date "2010.01.16"]
[Round "5.3"]
[White "Saez Moya, Jaime"]
[Black "Munoz Navarro, Alberto"]
[Result "0-1"]
[WhiteElo "2190"]
[BlackElo "2181"]
[PlyCount "91"]
[EventDate "2010.01.15"]
[SourceDate "2010.01.15"]

1. e4 d6 2. Nc3 g6 3. g3 Bg7 4. Bg2 Nf6 5. d3 c5 6. f4 Nc6 7. Nf3 O-O 8. O-O
Rb8 9. h3 b5 10. g4 b4 11. Ne2 c4 12. f5 Ba6 13. Be3 Qd7 14. Re1 cxd3 15. cxd3
Ne8 16. Qd2 Ne5 17. Nf4 e6 18. fxe6 fxe6 19. Nxe5 dxe5 20. Ne2 Nd6 21. a3 b3
22. Nc3 Rfd8 23. Red1 Qb7 24. Qe2 Rdc8 25. Rac1 Nb5 26. Nxb5 Bxb5 27. Qd2 Qa6
28. Bf1 Qa4 29. Rc3 Rxc3 30. Qxc3 Bd7 31. Rc1 Rc8 32. Qd2 Rc6 33. Rc3 Bf8 34.
Qc1 a5 35. Kf2 Qb5 36. Rxc6 Bxc6 37. Ke1 a4 38. Kd1 Bxe4 39. dxe4 Qxf1+ 40. Kd2
Qxh3 41. Qd1 Qg2+ 42. Kd3 Qxb2 43. Kc4 Qxa3 44. Qd7 Qd6 45. Qxa4 b2 46. Qb3 0-1

[Event "I Torneo de Promoción C.A.Mar "]
[Site "San Pedro del Pinatar (Murcia"]
[Date "2010.01.16"]
[Round "5.4"]
[White "Villalonga Coll, Jaume"]
[Black "Alcaraz Carcel, Antonio"]
[Result "0-1"]
[WhiteElo "2111"]
[BlackElo "2000"]
[PlyCount "126"]
[EventDate "2010.01.15"]
[SourceDate "2010.01.15"]

1. d4 d5 2. c4 c6 3. Nf3 Nf6 4. Nc3 a6 5. e3 b5 6. c5 g6 7. Qb3 Bg7 8. a4 Bb7
9. Be2 O-O 10. axb5 axb5 11. Rxa8 Bxa8 12. O-O Nbd7 13. Bd2 e5 14. Ra1 Ne4 15.
Be1 Re8 16. Bf1 exd4 17. exd4 Nf8 18. Na2 Ne6 19. Bc3 g5 20. Qd1 g4 21. Ne1 Qf6
22. f3 Bh6 23. Nc2 gxf3 24. Qxf3 Qg6 25. Nab4 N6g5 26. Qd3 f5 27. Be1 f4 28. h4
Ne6 29. Qf3 Qf6 30. Ra7 Kh8 31. Qh5 Rg8 32. Rf7 Qg6 33. Qxg6 hxg6 34. Re7 Ng7
35. Rc7 Ne6 36. Re7 Ng7 37. Be2 Nf5 38. Rc7 Rg7 39. Rc8+ Rg8 40. Rxg8+ Kxg8 41.
h5 g5 42. Bg4 Ne7 43. Nd3 Bg7 44. Bc3 Kf8 45. Nce1 Bb7 46. Nf3 Bc8 47. Bxc8
Nxc8 48. Nfe5 Ne7 49. Kh2 Bxe5 50. Nxe5 Kg7 51. Ba5 Ng3 52. Bd8 Ngf5 53. Kh3
Kh6 54. Kg4 Ne3+ 55. Kf3 N3f5 56. Kg4 Ne3+ 57. Kh3 N7f5 58. Nxc6 g4+ 59. Kh2 f3
60. gxf3 gxf3 61. Kg1 Nd1 62. Bg5+ Kxg5 63. Ne5 f2+ 0-1

[Event "I Torneo de Promoción C.A.Mar "]
[Site "San Pedro del Pinatar (Murcia"]
[Date "2010.01.16"]
[Round "5.5"]
[White "Del Valle Domenech, Rafael"]
[Black "Ridameya Tatche, Jose Miguel"]
[Result "1/2-1/2"]
[WhiteElo "2110"]
[BlackElo "1997"]
[PlyCount "67"]
[EventDate "2010.01.15"]
[SourceDate "2010.01.15"]

1. d4 e6 2. c4 f5 3. Nc3 Bb4 4. Qc2 Nf6 5. a3 Bxc3+ 6. Qxc3 b6 7. g3 Bb7 8. Nf3
O-O 9. Bg2 Be4 10. b4 d6 11. Bb2 Nbd7 12. O-O Qe8 13. Rfd1 Rc8 14. a4 c6 15.
Qa3 d5 16. c5 Qh5 17. Qe3 Ng4 18. Qg5 Qxg5 19. Nxg5 Bxg2 20. Kxg2 Rfe8 21. Nf3
Ngf6 22. cxb6 Nxb6 23. Ne5 Nfd7 24. Nxd7 Nxd7 25. Rac1 Nb6 26. Rc5 Nc4 27. Bc3
a6 28. e3 Kf7 29. Rb1 Ke7 30. Kf1 Kd7 31. Ke2 Rb8 32. Kd3 Rb7 33. f3 Reb8 34.
e4 1/2-1/2

[Event "I Torneo de Promoción C.A.Mar "]
[Site "San Pedro del Pinatar (Murcia"]
[Date "2010.01.16"]
[Round "5.6"]
[White "Donado-Mazarron Gomez, Miguel"]
[Black "Torres Grajales, Ramon"]
[Result "0-1"]
[WhiteElo "1876"]
[BlackElo "2083"]
[PlyCount "78"]
[EventDate "2010.01.15"]
[SourceDate "2010.01.15"]

1. e4 e5 2. Nf3 Nc6 3. d4 exd4 4. Nxd4 Bc5 5. Nxc6 bxc6 6. Nc3 Qf6 7. Qd2 Ne7
8. Qf4 Bd4 9. Qxf6 Bxf6 10. Bd3 d6 11. O-O O-O 12. Be3 Rb8 13. Rab1 a5 14. Na4
Bd7 15. c4 Rfe8 16. f4 Ng6 17. c5 Rb4 18. b3 Bd4 19. Rbe1 f5 20. Bxd4 Rxd4 21.
exf5 Nxf4 22. Rxe8+ Bxe8 23. Re1 Kf8 24. Bf1 Bd7 25. g3 Nd5 26. Bg2 Bxf5 27.
Rf1 g6 28. Bxd5 cxd5 29. cxd6 cxd6 30. Nc3 Ke7 31. Rd1 Rxd1+ 32. Nxd1 d4 33.
Kf2 Bb1 34. Nb2 Bxa2 35. Nc4 a4 36. Ke2 Bxb3 37. Na3 Ke6 38. Kd3 Kd5 39. h3 Kc5
0-1

[Event "I Torneo de Promoción C.A.Mar "]
[Site "San Pedro del Pinatar (Murcia"]
[Date "2010.01.16"]
[Round "5.7"]
[White "Aledo Lopez, Angel"]
[Black "Cartagena Sanchez, Javier"]
[Result "0-1"]
[WhiteElo "2004"]
[BlackElo "1951"]
[PlyCount "132"]
[EventDate "2010.01.15"]
[SourceDate "2010.01.15"]

1. e4 e5 2. Nf3 Nc6 3. Bc4 Nf6 4. O-O Be7 5. d4 exd4 6. e5 Ne4 7. Bd5 Nc5 8.
Nxd4 O-O 9. f4 Nxd4 10. Qxd4 d6 11. Bb3 Bf5 12. Kh1 dxe5 13. Qxe5 Nxb3 14. cxb3
Bd7 15. Nc3 Bf6 16. Qh5 Bc6 17. Rd1 Qe7 18. Bd2 Rad8 19. Be1 Rxd1 20. Rxd1 Rd8
21. Rxd8+ Qxd8 22. Qe2 h6 23. h3 Qd6 24. Bd2 Qd7 25. Kh2 Qf5 26. Be3 a6 27. Qf2
Qd3 28. Qd2 Qf5 29. Qf2 Be7 30. Ne2 Qe4 31. Nd4 Bd5 32. Nf3 Qb1 33. Bd4 Qxa2
34. Qg3 Bf8 35. Nd2 Qa5 36. Bc3 Qb5 37. b4 Qd7 38. Nf1 Be4 39. Ne3 g6 40. Ng4
Bg7 41. Bxg7 Kxg7 42. Qc3+ Kf8 43. Qh8+ Ke7 44. Qxh6 Qf5 45. Qh4+ Ke6 46. Ne3
Qf6 47. Qf2 g5 48. g3 gxf4 49. gxf4 Qd4 50. f5+ Kd7 51. h4 Qxb4 52. h5 Qd6+ 53.
Qg3 Qh6 54. Qh3 f6 55. Nf1 Qf4+ 56. Kg1 Bxf5 57. Qc3 Qg4+ 58. Ng3 Qd1+ 59. Kh2
Qc2+ 60. Qxc2 Bxc2 61. Kh3 b5 62. Kg4 Ke6 63. h6 Kf7 64. Kh5 a5 65. Ne2 Bd1 66.
h7 Kg7 0-1

[Event "I Torneo de Promoción C.A.Mar "]
[Site "San Pedro del Pinatar (Murcia"]
[Date "2010.01.16"]
[Round "5.8"]
[White "Gonzalez Brusi, Leopoldo"]
[Black "Garcia Roman, Jose Luis Machado"]
[Result "1/2-1/2"]
[WhiteElo "1772"]
[BlackElo "2003"]
[PlyCount "108"]
[EventDate "2010.01.15"]
[SourceDate "2010.01.15"]

1. e4 c5 2. Nf3 Nc6 3. c3 Nf6 4. e5 Nd5 5. d4 cxd4 6. cxd4 e6 7. Nc3 Nxc3 8.
bxc3 d5 9. Bd3 f5 10. exf6 Qxf6 11. Bg5 Qf7 12. O-O g6 13. Re1 Bg7 14. Qd2 O-O
15. Bh6 Bd7 16. Bxg7 Qxg7 17. Ne5 Nxe5 18. Rxe5 Rf6 19. Rae1 Raf8 20. R1e2 Bc8
21. c4 Rf4 22. Qe3 Qf7 23. cxd5 exd5 24. Bc2 Bg4 25. Rd2 Qc7 26. Bb3 Qc1+ 27.
Qe1 Qxe1+ 28. Rxe1 Rd8 29. f3 Bc8 30. Re5 Rf5 31. Rde2 Kf8 32. Rxf5+ Bxf5 33.
Re5 Rc8 34. Kf2 Bb1 35. Bxd5 Rc2+ 36. Re2 b5 37. Rxc2 Bxc2 38. g4 b4 39. Ke2
Ba4 40. Kd3 g5 41. Kc4 a5 42. Kc5 Be8 43. Bc6 Bxc6 44. Kxc6 a4 45. d5 b3 46.
axb3 axb3 47. d6 b2 48. d7 b1=Q 49. d8=Q+ Kf7 50. Qd5+ Kf6 51. Kd7 Qc1 52. Qe6+
Kg7 53. Ke8 Qf4 54. Qe7+ Kg8 1/2-1/2

[Event "I Torneo de Promoción C.A.Mar "]
[Site "San Pedro del Pinatar (Murcia"]
[Date "2010.01.16"]
[Round "5.9"]
[White "Alcaraz Pacheco, Ivan"]
[Black "Alarcon Olmos, Daniel"]
[Result "1-0"]
[WhiteElo "2042"]
[BlackElo "1811"]
[PlyCount "223"]
[EventDate "2010.01.15"]
[SourceDate "2010.01.15"]

1. d4 Nf6 2. Bg5 Ne4 3. Bf4 c5 4. f3 Qa5+ 5. c3 Nf6 6. Nd2 cxd4 7. Nb3 Qf5 8.
Bxb8 Rxb8 9. Qxd4 Ra8 10. e4 Qg5 11. Nh3 Qh6 12. e5 Ng8 13. Nf4 e6 14. Rd1 Ne7
15. Qe4 Nf5 16. Bb5 Qh4+ 17. Ke2 a6 18. Bxd7+ Bxd7 19. Rxd7 Be7 20. Rdd1 O-O
21. g4 Nh6 22. Qxb7 Rfb8 23. Qe4 a5 24. Rd4 a4 25. Rxa4 Rxa4 26. Qxa4 Nxg4 27.
Nd3 Bb4 28. cxb4 Nxh2 29. Qa7 Rc8 30. Nbc5 Qg3 31. Qb7 Rd8 32. Qe4 Qg2+ 33. Nf2
Nxf3 34. Qxf3 Rd2+ 35. Ke3 Qg5+ 36. Qf4 Re2+ 37. Kxe2 Qxf4 38. Ncd3 Qd4 39. a4
f5 40. exf6 gxf6 41. Rg1+ Kf7 42. Rg4 Qd5 43. Rf4 e5 44. Rh4 f5 45. Rxh7+ Kg6
46. Rh3 Qd4 47. Re3 e4 48. Nf4+ Kf7 49. Rc3 Qd6 50. N2h3 Qxb4 51. Rc7+ Kg8 52.
Rc8+ Kf7 53. Rc7+ Ke8 54. Rc2 Qxa4 55. Rd2 Qc4+ 56. Ke3 Qc5+ 57. Ke2 Qc4+ 58.
Ke3 Qb3+ 59. Ke2 Qf3+ 60. Ke1 e3 61. Rg2 Qe4 62. Ke2 Qd4 63. Nd3 Kd8 64. Nhf4
Qa4 65. Kxe3 Qa7+ 66. Kd2 Qa5+ 67. b4 Qa2+ 68. Kc3 Qa1+ 69. Kc4 Ke7 70. Re2+
Kf6 71. Nd5+ Kg5 72. Rg2+ Kh4 73. N3f4 Qc1+ 74. Kd4 Qa1+ 75. Kc5 Qc1+ 76. Kb6
Qc8 77. Rh2+ Kg3 78. Rh3+ Kg4 79. Rc3 Qb8+ 80. Kc5 Qa7+ 81. Kd6 Qb8+ 82. Ke7
Qe5+ 83. Kd7 Qg7+ 84. Kc8 Qa7 85. b5 Qa8+ 86. Kc7 Qa7+ 87. Kc6 Qa8+ 88. Kc5
Qf8+ 89. Kc4 Qc8+ 90. Kb3 Qb7 91. b6 Qa6 92. Kb4 Qa1 93. Rc7 Kg3 94. b7 Qa7 95.
Kb5 Kh2 96. Kc6 Qa4+ 97. Kd6 Qa3+ 98. Rc5 Qa7 99. Kc6 Qa4+ 100. Kc7 Qa7 101.
Rc2+ Kh1 102. Kc8 Qa6 103. Rc7 Kg1 104. Kd7 Qa4+ 105. Rc6 Qa7 106. Rb6 Qb8 107.
Nc7 Kf2 108. Nfd5 Kg3 109. Na6 Qa7 110. Kc6 f4 111. Nxf4 Kxf4 112. b8=Q+ 1-0